Name The Country By Flag - Statistics

General Stats
  • This quiz has been taken 54 times
  • The average score is 14 of 15
Answer Stats
Picture Answer % Correct
Canada
100%
Greece
100%
Italy
100%
Sweden
100%
China
98%
South Korea
98%
Spain
98%
Norway
96%
Jamaica
94%
Netherlands
94%
Albania
90%
Cyprus
88%
Georgia
84%
Saudi Arabia
84%
Egypt
78%
No matching quizzes found
Score Distribution
Percent of People with Each Score
Percentile by Number Answered
Your Score History
You have not taken this quiz